Central america: anatomy of conflict /

Zapisane w:
Opis bibliograficzny
1. autor: Leiken, Robert S.
Korporacja: Carnegie Endowment for international Peace
Kolejni autorzy: ed.
Format: Texto
Wydane: New York: Pergamon Press
Etykiety: Dodaj etykietę
Nie ma etykietki, Dołącz pierwszą etykiete!

MARC

LEADER 00000 a a2200000 04500
001 24231
003
040
090 |a 171800  
100 |a Leiken, Robert S.  
110 |a Carnegie Endowment for international Peace  
245 |a Central america: anatomy of conflict /  |c Robert S. Leiken,  
260 |a New York:   |b Pergamon Press  
300 |a p. irreg   |b **no definido**  
700 |a ed.  
999 |c 10617  |d 10617